| 000 | 00516nam a2200169 a 4500 | ||
|---|---|---|---|
| 005 | 20210219154643.0 | ||
| 008 | 031003s1978 mx r 000 0 spa d | ||
| 035 | _aUPN01000129527 | ||
| 049 | _aCG | ||
| 050 | 4 |
_aDS79.65 _bH8.3 |
|
| 100 | 1 | _aHusayn, Saddám | |
| 245 | 1 | 0 |
_a17 de julio : _buna revolución con una vía independiente / _cSaddam Hussein. |
| 260 |
_aMadrid : _bRAYCAR, _c1978. |
||
| 300 | _a104 p. | ||
| 651 | 4 |
_aIRAQ - _xPOLITICA Y GOBIERNO - _vDISCURSOS, ENSAYOS, CONFERENCIAS, ETC. |
|
| 905 | _aLibro | ||
| 999 |
_c101699 _d101699 |
||